000 00680cam a2200157 i 4500
020 _a9780815726999 (hardcover : alk. paper)
082 0 0 _a327.7305409046
100 1 _aRiedel, Bruce O.
_951782
245 1 0 _aJFK's forgotten crisis :
_bTibet, the CIA, and Sino-Indian War /
_cBruce Riedel.
250 _a1st Edition.
300 _axiv, 231 pages :
_bmaps ;
_c24 cm
505 0 _aPrologue: At Mount Vernon -- Introduction -- Ike and India, 1950-60 -- Galbraith and India, 1961 -- Jackie and India, 1962 -- Jack, India, and war -- From JFK to today -- Chronology.
526 _a0
_b0
_c0
_d327_730540904600000
650 0 _aSino-Indian Border Dispute, 1957-
_951783
942 _2ddc
_cBK
999 _c554329
_d554329